ロード中...

Microbial enzymes and bioconversions V.5 /

書誌詳細
その他の著者: Rose, A. H. (編集者)
フォーマット: Printed Book
言語:English
出版事項: New York : Academic Press, 1980.
主題:
LEADER 00522nam a2200133Ia 4500
008 160121b xxu||||| |||| 00| 0 eng d
082 |a 572.7  |2 23 
245 |a Microbial enzymes and bioconversions V.5 /  |c Edited By A. H. Rose 
260 |a New York :  |b Academic Press,  |c 1980. 
653 |a Enzymes 
700 |a Rose, A. H.  |e Editor 
942 |c BK 
999 |c 123123  |d 123123 
952 |0 0  |1 0  |4 0  |6 572_700000000000000_ROS_M  |7 0  |9 136319  |a LIF  |b LIF  |c ST1  |d 2009-08-02  |i 933  |l 4  |m 10  |o 572.7 ROS/M  |p LIF933  |q 2021-10-06  |r 2021-09-06  |s 2021-09-06  |w 2009-08-02  |y BK